Tương quan sức mạnh tổng hợp của Mỹ - Trung Quốc giai đoạn hiện nay /

সংরক্ষণ করুন:
গ্রন্থ-পঞ্জীর বিবরন
প্রধান লেখক: Đỗ Mai Lan.
অন্যান্য লেখক: Nguyễn Thúy Hằng.
বিন্যাস: প্রবন্ধ
ভাষা:Vietnamese
বিষয়গুলি:
ট্যাগগুলো: ট্যাগ যুক্ত করুন
কোনো ট্যাগ নেই, প্রথমজন হিসাবে ট্যাগ করুন!
Thư viện lưu trữ: Thư viện Trường Đại học Đà Lạt
LEADER 00986nam a2200337 4500
001 DLU210195697
005 ##20210125
040 # # |a DLU  |b vie 
041 # # |a vie 
044 # # |a vn 
100 # # |a Đỗ Mai Lan. 
245 # # |a Tương quan sức mạnh tổng hợp của Mỹ - Trung Quốc giai đoạn hiện nay /  |c Đỗ Mai Lan, Nguyễn Thúy Hằng. 
653 # # |a Châu Á - Thái Bình Dương  
653 # # |a Khoa học công nghệ 
653 # # |a Kinh tế 
653 # # |a Mỹ 
653 # # |a Ngoại giao 
653 # # |a Quân sự 
653 # # |a Trung Quốc  
700 # # |a Nguyễn Thúy Hằng. 
773 # # |t Nghiên cứu Đông Bắc Á  |g Số 6(220), 2019, tr. 3-12 
920 # # |a Phòng Tạp chí -- Trung tâm Thông tin - Thư viện Trường Đại học Đà Lạt 
933 # # |a LS 
994 # # |a DLU 
900 # # |a True 
911 # # |a Hoàng Thị Huyền 
925 # # |a G 
926 # # |a A 
927 # # |a BB 
980 # # |a Thư viện Trường Đại học Đà Lạt